| 000 -LEADER |
| fixed length control field |
01532cam a2200349 a 4500 |
| 001 - CONTROL NUMBER |
| control field |
1967342 |
| 005 - DATE AND TIME OF LATEST TRANSACTION |
| control field |
20220715091029.0 |
| 008 - FIXED-LENGTH DATA ELEMENTS--GENERAL INFORMATION |
| fixed length control field |
880707s1988 mdua j b 001 0beng |
| 010 ## - LIBRARY OF CONGRESS CONTROL NUMBER |
| LC control number |
88061639 |
| 020 ## - INTERNATIONAL STANDARD BOOK NUMBER |
| International Standard Book Number |
091788227X : |
| Terms of availability |
$15.00 |
| 040 ## - CATALOGING SOURCE |
| Original cataloging agency |
DLC |
| Transcribing agency |
DLC |
| Modifying agency |
DLC |
| 042 ## - AUTHENTICATION CODE |
| Authentication code |
lcac |
| 043 ## - GEOGRAPHIC AREA CODE |
| Geographic area code |
e-uk--- |
| 050 00 - LIBRARY OF CONGRESS CALL NUMBER |
| Classification number |
DA396.A5 |
| Item number |
S85 1988 |
| 082 00 - DEWEY DECIMAL CLASSIFICATION NUMBER |
| Classification number |
941.0620924 |
| Author Mark |
STI |
| 100 1# - MAIN ENTRY--PERSONAL NAME |
| Personal name |
Stickles, Frances Copeland. |
| 9 (RLIN) |
93578 |
| 245 12 - TITLE STATEMENT |
| Title |
A crown for Henrietta Maria : |
| Remainder of title |
Maryland's namesake queen / |
| Statement of responsibility, etc. |
by Frances Copeland Stickles. |
| 260 ## - PUBLICATION, DISTRIBUTION, ETC. |
| Place of publication, distribution, etc. |
Lanham, MD : |
| Name of publisher, distributor, etc. |
Maryland Historical Press, |
| Date of publication, distribution, etc. |
1988. |
| 300 ## - PHYSICAL DESCRIPTION |
| Extent |
xii, 84 p. : |
| Other physical details |
ill. ; |
| Dimensions |
29 cm. |
| 500 ## - GENERAL NOTE |
| General note |
"With seventeenth century illustrations." |
| 500 ## - GENERAL NOTE |
| General note |
Maps on lining papers. |
| 504 ## - BIBLIOGRAPHY, ETC. NOTE |
| Bibliography, etc. note |
Includes bibliography and index. |
| 520 ## - SUMMARY, ETC. |
| Summary, etc. |
A biography of the French princess who became Queen of England when she married King Charles I in 1625 and for whom the state of Maryland is named. |
| 600 00 - SUBJECT ADDED ENTRY--PERSONAL NAME |
| Personal name |
Henrietta Maria, |
| Titles and other words associated with a name |
Queen, consort of Charles I, King of England, |
| Dates associated with a name |
1609-1669 |
| General subdivision |
Juvenile literature. |
| 9 (RLIN) |
93579 |
| 600 01 - SUBJECT ADDED ENTRY--PERSONAL NAME |
| Personal name |
Henrietta Maria, |
| Titles and other words associated with a name |
Queen, consort of Charles I, King of England, |
| Dates associated with a name |
1609-1669. |
| 9 (RLIN) |
93580 |
| 650 #0 - SUBJECT ADDED ENTRY--TOPICAL TERM |
| Topical term or geographic name entry element |
Queens |
| Geographic subdivision |
Great Britain |
| General subdivision |
Biography |
| -- |
Juvenile literature. |
| 9 (RLIN) |
93581 |
| 650 #1 - SUBJECT ADDED ENTRY--TOPICAL TERM |
| Topical term or geographic name entry element |
Kings, queens, rulers, etc. |
| 9 (RLIN) |
93582 |
| 651 #0 - SUBJECT ADDED ENTRY--GEOGRAPHIC NAME |
| Geographic name |
Great Britain |
| General subdivision |
History |
| Chronological subdivision |
Charles I, 1625-1649 |
| General subdivision |
Juvenile literature. |
| 9 (RLIN) |
93583 |
| 651 #1 - SUBJECT ADDED ENTRY--GEOGRAPHIC NAME |
| Geographic name |
Great Britain |
| General subdivision |
History |
| Chronological subdivision |
Charles I, 1625-1649. |
| 9 (RLIN) |
93584 |
| 906 ## - LOCAL DATA ELEMENT F, LDF (RLIN) |
| a |
7 |
| b |
cbc |
| c |
orignew |
| d |
1 |
| e |
opcn |
| f |
19 |
| g |
y-gencatlg |
| 942 ## - ADDED ENTRY ELEMENTS (KOHA) |
| Source of classification or shelving scheme |
|
| Koha item type |
Book |